International bibliography of rice research
Αποθηκεύτηκε σε:
| Κύριος συγγραφέας: | |
|---|---|
| Μορφή: | Βιβλίο |
| Γλώσσα: | Undetermined |
| Έκδοση: |
New York
The Scarecrow
1963
|
| Θέματα: | |
| Ετικέτες: |
Προσθήκη ετικέτας
Δεν υπάρχουν, Καταχωρήστε ετικέτα πρώτοι!
|
| Thư viện lưu trữ: | Trung tâm Học liệu Trường Đại học Cần Thơ |
|---|
| LEADER | 00500nam a2200181Ia 4500 | ||
|---|---|---|---|
| 001 | CTU_28991 | ||
| 008 | 210402s9999 xx 000 0 und d | ||
| 082 | |a 016.63318 | ||
| 082 | |b I71/1963 | ||
| 100 | |a IRRI | ||
| 245 | 0 | |a International bibliography of rice research | |
| 245 | 0 | |c IRRI | |
| 260 | |a New York | ||
| 260 | |b The Scarecrow | ||
| 260 | |c 1963 | ||
| 650 | |a rice - bibliography | ||
| 904 | |i Nguyễn Quang Điền, 990309 | ||
| 980 | |a Trung tâm Học liệu Trường Đại học Cần Thơ | ||